Ibu tunggal : (Record no. 1527)
[ view plain ]
| 000 -LEADER | |
|---|---|
| fixed length control field | nam a22 a 4500 |
| 003 - CONTROL NUMBER IDENTIFIER | |
| control field | AKMAL |
| 005 - DATE AND TIME OF LATEST TRANSACTION | |
| control field | 20170509165209.0 |
| 008 - FIXED-LENGTH DATA ELEMENTS--GENERAL INFORMATION | |
| fixed length control field | 170509s1999 my 00 may d |
| 020 ## - INTERNATIONAL STANDARD BOOK NUMBER | |
| International Standard Book Number | 967978696X (kkt.): |
| Terms of availability | RM 18.00 |
| 039 #9 - LEVEL OF BIBLIOGRAPHIC CONTROL AND CODING DETAIL [OBSOLETE] | |
| Level of rules in bibliographic description | 200709281224 |
| Level of effort used to assign nonsubject heading access points | rfid1 |
| 040 ## - CATALOGING SOURCE | |
| Original cataloging agency | AKMAL |
| Transcribing agency | AKMAL |
| 043 ## - GEOGRAPHIC AREA CODE | |
| Geographic area code | a-my--- |
| 049 00 - LOCAL HOLDINGS (OCLC) | |
| Holding library | klpmal |
| 082 04 - DEWEY DECIMAL CLASSIFICATION NUMBER | |
| Classification number | 306.856 ROH |
| 090 00 - LOCALLY ASSIGNED LC-TYPE CALL NUMBER (OCLC); LOCAL CALL NUMBER (RLIN) | |
| Classification number (OCLC) (R) ; Classification number, CALL (RLIN) (NR) | 306.856 |
| Local cutter number (OCLC) ; Book number/undivided call number, CALL (RLIN) | ROH |
| 090 20 - LOCALLY ASSIGNED LC-TYPE CALL NUMBER (OCLC); LOCAL CALL NUMBER (RLIN) | |
| Classification number (OCLC) (R) ; Classification number, CALL (RLIN) (NR) | 306.856 |
| Local cutter number (OCLC) ; Book number/undivided call number, CALL (RLIN) | ROH |
| 100 0# - MAIN ENTRY--PERSONAL NAME | |
| Personal name | Rohaty Mohd. Majzub, |
| Dates associated with a name | 1947- |
| 9 (RLIN) | 3052 |
| 245 10 - TITLE STATEMENT | |
| Title | Ibu tunggal : |
| Remainder of title | menelusuri rintangan hidup dengan keyakinan / |
| Statement of responsibility, etc. | Rohaty Mohd. Majzub, Muhammad Rais Abdul Karim |
| 260 ## - PUBLICATION, DISTRIBUTION, ETC. | |
| Place of publication, distribution, etc. | Subang Jaya : |
| Name of publisher, distributor, etc. | Pelanduk Publications, |
| Date of publication, distribution, etc. | 1999 |
| 300 00 - PHYSICAL DESCRIPTION | |
| Extent | 123ms. : |
| Other physical details | il. ; |
| Dimensions | 22cm |
| 504 ## - BIBLIOGRAPHY, ETC. NOTE | |
| Bibliography, etc. note | Bibliografi: ms. 117-118 |
| 650 #0 - SUBJECT ADDED ENTRY--TOPICAL TERM | |
| Topical term or geographic name entry element | Parenting |
| Geographic subdivision | Malaysia |
| 9 (RLIN) | 3053 |
| 650 #0 - SUBJECT ADDED ENTRY--TOPICAL TERM | |
| Topical term or geographic name entry element | Single parents |
| Geographic subdivision | Malaysia |
| 9 (RLIN) | 3054 |
| 650 #0 - SUBJECT ADDED ENTRY--TOPICAL TERM | |
| Topical term or geographic name entry element | Single-parent family |
| Geographic subdivision | Malaysia |
| 9 (RLIN) | 3055 |
| 650 #0 - SUBJECT ADDED ENTRY--TOPICAL TERM | |
| Topical term or geographic name entry element | Single women |
| General subdivision | Conduct of life |
| 9 (RLIN) | 3056 |
| 700 0# - ADDED ENTRY--PERSONAL NAME | |
| Personal name | Muhammad Rais Abdul Karim |
| 9 (RLIN) | 3057 |
| 942 ## - ADDED ENTRY ELEMENTS (KOHA) | |
| Source of classification or shelving scheme | |
| Koha item type | Book |
| Withdrawn status | Lost status | Source of classification or shelving scheme | Damaged status | Not for loan | Collection code | Home library | Current library | Date acquired | Inventory number | Total Checkouts | Full call number | Barcode | Date last seen | Price effective from | Koha item type |
|---|---|---|---|---|---|---|---|---|---|---|---|---|---|---|---|
| NON-FICTION | AKMAL Melaka | AKMAL Melaka | 09.05.2017 | 303337 | 306.856 ROH | 201702820 | 09.05.2017 | 09.05.2017 | Book |
